00315 2200121 4500001002100000005001500021035002400036090001500060245004900075260003300124300002100157990001500178YOGYA00000000009136320140823112638 0010-081400000091080 adep 338.63 a1001 Macam Resep Home-IndustricY. Yoshikawa aYogyakartabNur Cahayac1980 a117 hlm,b10 cm. a20378-d/94